Los Bienes inmuebles : aspectos jurídicos y económicos de su valoración / Jesús Moral González ; con la colaboración de Rafael Auger Rigola ... [et al.] aspectos jurídicos y económicos de su valoración / Jesús Moral González ; con la colaboración de Rafael Auger Rigola ... [et al.]
ISBN:
84-344-2065-1
Descripción Física:
348 p. : taules ; 24 cm
Colección:
Ariel economía
Otros Autores:
Auger Rigola, Rafael
MARC
| LEADER | 00000nam a2200000Ia 4500 | ||
|---|---|---|---|
| 001 | 18355 | ||
| 008 | 160829s1991 xx 000 0 cat d | ||
| 020 | |a 84-344-2065-1 | ||
| 080 | |a M-5-301 | ||
| 100 | |a Moral González, Jesús |9 23446 | ||
| 245 | |a Los Bienes inmuebles : |b aspectos jurídicos y económicos de su valoración / Jesús Moral González ; con la colaboración de Rafael Auger Rigola ... [et al.] | ||
| 260 | |a Barcelona : |b Ariel, |c 1991 | ||
| 300 | |a 348 p. : |b taules ; |c 24 cm | ||
| 490 | |a Ariel economía | ||
| 590 | |a Bibliografia | ||
| 650 | |a Béns immobles |x Espanya |9 23447 | ||
| 650 | 0 | |a Bens immobles |x Valoració |z Espanya |9 15448 | |
| 650 | 0 | |a Impostos immobiliaris |y Espanya |9 23070 | |
| 650 | |a Dret civil |x Espanya |9 28897 | ||
| 700 | |a Auger Rigola, Rafael |9 23450 | ||
| 901 | |a Arxiu | ||
| 942 | |n 1 | ||
| 952 | |0 0 |1 0 |4 0 |6 M5301 |7 1 |9 42710 |a Arxiu |b Arxiu |d 2016-12-01 |l 0 |o M-5-301 |p 18355 |r 2016-12-01 00:00:00 |w 2016-12-01 |y ARXIU | ||
| 999 | |c 45216 |d 45216 | ||